• 首页
  • 本馆介绍
  • 公告通知
  • 最新文献
  • 馆藏检索
  • 电子资源
  • 读者导购
  • 参考咨询
  • 我的图书馆
  • 登录
  • 期刊详细显示
  • 现刊情况显示
  • 合订本情况显示
  • 篇目信息显示

期刊信息

  • 表格格式
  • 工作单格式
  • 卡片格式
索取号 
J6/YQ
题名 
乐器
作者 
乐器编辑部
分册号 
分册名 
出版地 
北京
出版者 
该杂志社
标准刊号 
1002-5995
出版频率 
月刊
中图法分类 
J6
主题词 
音乐
电子资源 
000 01901nas0 2200481 45
001 0740321140
005 20210917084246.73
011    @a1002-5995 @dCNY4.00(1996)@d¥12.00(2002)
091    @a11-2511
092    @aCN @b82-798 @cM346
100    @a19930602a19819999m y0chiy0110 ea
101 0  @achi @eeng
102    @aCN @b110000
106    @ar
110    @aafaz 0yy0
200 1  @a乐器 @Ayue qi @dMusic instruments @f乐器编辑部@FYue Qi Bian Ji Bu@zeng @b期刊
207  0 @a1981,no.1(1981,2,30)- = 总36-
210    @a北京 @c该杂志社 @d1981-
215    @d28cm
300    @a出版信息根据2002,no.2著录。2011(11)未装订存于密集书库1
306    @a曾由全国乐器工业科技情报站和中国乐器协会出版
307    @a尺寸曾为26cm
311    @aContinues: @a乐器科技
311    @aOther related work: @a1002-5994 @a吉他平方
326    @a月刊@b1981-1988
326    @a月刊 @b2001-
326    @a双月刊 @b1998-2000
326    @a季刊 @b1989-1997
327 0  @a音乐声学:受拨的弦 @a世界乐器图说 @a欧洲名牌钢琴介绍 @a乐器定音评说
345    @a通讯地址:北京市21局2253信箱(邮编100021);Tel.:(010)87310287;E-mail:yueqi@china.com
430  1 @11 200@a乐器科技
488  1 @11 011@a1002-5994 @12001 @a吉他平方
510 1  @aMusic instruments @zeng
606 0  @a音乐
610 0  @a乐器
690    @aJ6@v4
701  0 @a张振启 @Azhang zhen qi @4主编
711 02 @a全国乐器工业协会科技情报站 @Aquan guo yue qi gong ye xie hui ke ji qing bao zhan @4主办
711 02 @a中国乐器协会 @Azhong guo yue qi xie hui @4主办
711 02 @a全国乐器工业信息中心 @Aquan guo yue qi gong ye xin xi zhong xin @4主办
711 02 @a乐器编辑部@AYue Qi Bian Ji Bu
801  0 @aCN @bNLC @c20071126@dlxy @ell @f20020410 @gISBD(S) @b00 @c20021005 @lNLC01 @h0716 @b40 @c20040402 @lNLC01 @h1449 @b40 @c20040402 @lNLC01 @h1450 @b40 @c20051202 @lNLC01 @h1510
905    @aTJWY@dJ6@eYQ
    
    乐器 =Music instruments /乐器编辑部[期刊 ].-1981,no.1(1981,2,30)- = 总36- .-北京 :该杂志社 ,1981-
    28cm
    出版信息根据2002,no.2著录。2011(11)未装订存于密集书库1.-通讯地址:北京市21局2253信箱(邮编100021);Tel.:(010)87310287;E-mail:yueqi@china.com !T订购地址:*.-继承:
    部分内容:音乐声学:受拨的弦 ;世界乐器图说 ;欧洲名牌钢琴介绍 ;乐器定音评说
    ISSN 1002-5995 :CNY4.00(1996):¥12.00(2002)
    
●
相关链接: 在易读查询期刊 在中国知网中查询期刊 在万方数据查询期刊 在维普查询期刊
唐山师范学院图书馆 欢迎您!
大连网信软件有限公司© 版权所有